LEADER 01300nam0 22002771i 450 001 UON00092697 005 20231205102518.183 100 $a20020107d1983 |0itac50 ba 101 $afre 102 $aFR 105 $a|||| ||||| 200 1 $aArchitecture et société de l'archaisme grec à la fin de la republique romaine$eActes du Colloque Internationale organisé par le CNRS et l'Ecole Francaise de Rome 210 $aParis$cCNRS$d1983 576 p. ; 25 cm Rome$d2-4 dic. 1980 410 1$1001UON00065655$12001 $aCollection de l'Ecole Française de Rome$v66 606 $aArchitettura$xCongressi$3UONC028380$2FI 620 $aFR$dParis$3UONL002984 686 $aH$cARCHITETTURA$2A 712 12$aConseil Nationale du Recherches Scientifiques$3UONV058019 712 02$aEcole Française$cRoma$3UONV100592 712 $aCentre National de la Recherche Scientifique$3UONV262150$4650 801 $aIT$bSOL$c20250411$gRICA 899 $aSIBA - SISTEMA BIBLIOTECARIO DI ATENEO$2UONSI 912 $aUON00092697 950 $aSIBA - SISTEMA BIBLIOTECARIO DI ATENEO$dSI H 072 $eSI MC 7389 5 996 $aArchitecture et société de l'archaisme grec à la fin de la republique romaine$91305790 997 $aUNIOR